| 000 | 00784nam a2200193 a 4500 | ||
|---|---|---|---|
| 008 | 130909s2007 ||||||||||||||||| || u | ||
| 020 | _a9780761943693 | ||
| 050 | _aPN 4192.S78 CHI | ||
| 100 | _aChivers, Barbara | ||
| 245 | 1 | 0 |
_aA student's guide to presentations: making your presentation count _cby Barbara Chivers and Michael Shoolbred |
| 260 |
_aLos Angeles: _bSAGE Publications _c2007 |
||
| 300 | _ax, 166p.: ill. | ||
| 490 | _aSAGE Study Skills | ||
| 650 | _aPUBLIC SPEAKING | ||
| 650 | 0 | _aDISSERTATIONS, ACADEMIC | |
| 650 | _aORAL COMMUNICATIONS--STUDY AND TEACHING (HIGHER) | ||
| 700 | _aShoolbred, Michael | ||
| 995 |
_FCBU-MAIN LIBRARY (Kitwe) _M1 _UAVAILABLE _WSep 26, 2013 _ZMain Library Open Access Collection |
||
| 999 |
_c58767 _d58767 |
||